| 000 | 03059cam a2200325 i 4500 | ||
|---|---|---|---|
| 001 | on1285916822 | ||
| 003 | EG-ScBUE | ||
| 005 | 20260405113720.0 | ||
| 008 | 211213s2022 nyua f b 001 0 eng d | ||
| 020 | _a9781032214689 | ||
| 035 |
_a(OCoLC)1285916822 _z(OCoLC)1285772865 _z(OCoLC)1285871143 _z(OCoLC)1285887565 |
||
| 040 |
_aDLC _beng _erda _cDLC _dOCLCF _dOCLCO _dBDX _dUKMGB _dYDX _dGSU _dEG-ScBUE |
||
| 082 | 0 | 4 |
_a709.04 _222 _bBAU |
| 245 | 0 | 0 |
_aBauhaus effects in art, architecture and design / _cedited by Kathleen James-Chakraborty and Sabine T. Kriebel. |
| 264 | 1 |
_aNew York : _bRoutledge, Taylor & Francis Group, _c2022. |
|
| 300 |
_axiii, 198 pages : _billustrations (some color) ; _c26 cm. |
||
| 336 |
_atext _btxt _2rdacontent |
||
| 337 |
_aunmediated _bn _2rdamedia |
||
| 338 |
_avolume _bnc _2rdacarrier |
||
| 490 | 0 | _aRoutledge research in art history | |
| 504 | _aIncludes bibliographical references and index. | ||
| 505 | 0 | 0 |
_tBauhaus Housing / _rKathleen James-Chakraborty -- _tNew Typography, the Bauhaus, and its impact on graphic design / _rPatrick Rössler -- _tBauhaus Effects: Florence Henri and Modernist Photography in Paris / _rSabine T. Kriebel -- _tThe Bauhaus and the Fundamentals of Window Display / _rKerry Meakin -- _tA Discreet Succession: the Bauhaus and Industrial Design Education in the German Democratic Republic / _rKatharina Pfützner -- _tThe Bauhaus and the Republic of Ireland / _rKathleen James-Chakraborty -- _tSpace Time and the Bauhaus / _rDietrich Neumann -- _tBauhaus Specters and Blueprint Illuminations: Josef Albers and Robert Rauschenberg / _rVanessa S. Troiano -- _tThe Bauhaus in Britain, the Swinging Sixties and Vidal Sassoon / _rMariana Meneses Romero -- _tPaul Klee's Pedagogy and Computational Processing / _rIngrid Mayrhofer-Hufnagl. |
| 520 |
_a"Bringing together an international team of scholars, this book offers new perspectives on the impact that the Bauhaus and its teaching had on a wide range of artistic practices. Three of the fields in which the Bauhaus generated immediately transformative effects were housing, typography, and photography. Contributors go further to chart the surprising relation of the school to contemporary developments in hair-styling and shop window display in unprecedented detail. New scholarship has detailed the degree to which Bauhaus faculty and students set off around the world, but it has seldom paid attention to its impact in communist East Germany or in countries like Ireland where no Bauhäusler settled. This wide-ranging collection makes clear that, a century after its founding, many new stories remain to be told about the influence of the twentieth century's most innovative arts institution. The book will be of interest to scholars working in art history, design history, photography and architectural history"-- _cProvided by publisher. |
||
| 610 | 2 | 7 |
_aBauhaus _xInfluence. _2BUEsh |
| 653 |
_cApril2026 _bART |
||
| 655 | _vReading book | ||
| 700 | 1 |
_aJames-Chakraborty, Kathleen, _d1960- _eeditor. |
|
| 700 | 1 |
_aKriebel, Sabine, _eeditor. |
|
| 942 |
_2ddc _cBB |
||
| 999 |
_c31158 _d31129 |
||